[Event "4th Arco Christmas 2013"]
[Site "Arco ITA"]
[Date "2013.12.26"]
[Round "1.3"]
[White "Trauth,M"]
[Black "Simoni,Giulio"]
[Result "1/2-1/2"]
[WhiteElo "2199"]
[BlackElo "1790"]

1.Nf3 d5 2.c4 c6 3.g3 Nf6 4.Bg2 e6 5.b3 Be7 6.O-O O-O 7.Bb2 Nbd7 8.Nc3 b6
9.d3 Bb7 10.Rc1 a6 11.e3 b5 12.Qe2 Qb6 13.Rfd1 Rfd8 14.d4 b4 15.Na4 Qa7 16.Ne5 Rac8
17.Nd3 a5 18.Qe1 Ba6 19.Ba1 Bb7 20.c5 Ba6 21.Bf1 Bb5 22.Qd2 Ne4 23.Qc2 f5
24.f3 Ng5 25.Kg2 Bf6 26.h4 Nf7 27.f4 h6 28.Ne5 Bxf1+ 29.Rxf1 Bxe5 30.dxe5 h5
31.Bd4 Nh6 32.Nb2 Ng4 33.Nd3 Rb8 34.Ne1 Rb7 35.Nf3 g6 36.Ng5 Nf8  1/2-1/2

[Event "4th Arco Christmas 2013"]
[Site "Arco ITA"]
[Date "2013.12.27"]
[Round "3.5"]
[White "Trauth,M"]
[Black "Bisaro,A"]
[Result "1-0"]
[WhiteElo "2199"]
[BlackElo "1825"]

1.Nf3 d5 2.c4 e6 3.b3 Nf6 4.g3 c6 5.Bg2 Be7 6.O-O O-O 7.Bb2 Nbd7 8.Qc2 Re8
9.d3 Bd6 10.e4 e5 11.cxd5 cxd5 12.Nc3 dxe4 13.dxe4 a6 14.Rfd1 Qe7 15.Nd2 b5
16.Nf1 Nb6 17.Ne3 g6 18.Rac1 Bb7 19.a4 b4 20.Ncd5 Nbxd5 21.exd5 Nd7 22.Nc4 Rac8
23.Qd2 f6 24.Na5 Nc5 25.Qxb4 Rc7 26.Nc4 a5 27.Qb6 Rd8 28.Ba3 Rdd7 29.Nxd6 Rxd6
30.Bxc5 Rxb6 31.Bxe7 Rxe7 32.d6 Re8 33.d7 Rd8 34.Bxb7 Rxb7 35.Rc8 Rb8 36.Rxb8  1-0

[Event "51st Groningen Open A 2013"]
[Site "Groningen NED"]
[Date "2013.12.27"]
[Round "6.12"]
[White "Danielian,E"]
[Black "Olsarova,T"]
[Result "1-0"]
[WhiteElo "2462"]
[BlackElo "2260"]

1.Nf3 d5 2.c4 d4 3.g3 Nc6 4.Bg2 e5 5.d3 Bb4+ 6.Nbd2 a5 7.a3 Be7 8.O-O Nf6
9.b3 O-O 10.Rb1 Re8 11.Ne1 Bf5 12.Nc2 Bf8 13.b4 axb4 14.Nxb4 Nxb4 15.axb4 Qd7
16.Nb3 Bxb4 17.Bg5 c5 18.Bxf6 gxf6 19.Nd2 Bh3 20.Ne4 Ra6 21.Ra1 Bxg2 22.Kxg2 Rb6
23.f3 f5 24.Nf2 Rg6 25.Qa4 Qe7 26.Qb5 h5 27.Ra7 Rb8 28.Rfa1 Kh7 29.Ra8 Rxa8
30.Rxa8 h4 31.Re8 Qg5 32.Qxb7 hxg3 33.Qxf7+ Rg7 34.Nh3 Qg6 35.Qxg6+ Kxg6
36.hxg3 Kf6 37.Rf8+ Ke6 38.f4  1-0

[Event "Al-Ain Classic Open A 2013"]
[Site "Al-Ain UAE"]
[Date "2013.12.28"]
[Round "9.19"]
[White "Petrosyan,T1"]
[Black "Supatashvili,K"]
[Result "0-1"]
[WhiteElo "2383"]
[BlackElo "2455"]

1.Nf3 d5 2.c4 e6 3.g3 Nf6 4.Bg2 Be7 5.O-O O-O 6.d4 c6 7.Qc2 b6 8.Nbd2 Nbd7
9.e4 Bb7 10.e5 Ne8 11.cxd5 cxd5 12.Qa4 Nc7 13.Re1 a5 14.Nf1 b5 15.Qd1 b4
16.h4 Nb5 17.Bg5 a4 18.Qd3 Ba6 19.Bxe7 Qxe7 20.Ng5 g6 21.Qd2 Rac8 22.Ne3 h6
23.Nh3 Kg7 24.Nf4 Nb6 25.h5 g5 26.Nd3 Nxd4 27.Nxb4 Nc4 28.Qxd4 Qxb4 29.b3 Qb6
30.Qxb6 Nxb6 31.Red1 Nd7 32.Re1 Nxe5 33.Nf5+ Kf6 34.Nxh6 Rc2 35.bxa4 Be2
36.Rxe2 Rxe2 37.f4 gxf4 38.gxf4 Nc4 39.Ng4+ Kf5 40.Nh6+ Kf6 41.Rd1 Ne3 42.Bf3 Rxa2
43.Rd3 Rc8  0-1

[Event "PanAm Intercollegiate 2013"]
[Site "Lubbock USA"]
[Date "2013.12.28"]
[Round "3.1"]
[White "Bregadze,L"]
[Black "So,W"]
[Result "0-1"]
[WhiteElo "2396"]
[BlackElo "2719"]

1.Nf3 d5 2.c4 d4 3.e3 Nc6 4.a3 e5 5.d3 dxe3 6.Bxe3 Nge7 7.Be2 Nf5 8.Nc3 g6
9.O-O Nxe3 10.fxe3 Bh6 11.Kh1 Bxe3 12.Nd5 Bh6 13.d4 e4 14.Ne5 f5 15.Qa4 Qd6
16.c5 Qxd5 17.Bc4 Qxd4 18.Nxc6 Qxc5 19.Rad1 bxc6 20.Rd5 Qb6 21.Re5+ Kf8 22.Qd1 Bg5
23.Rexf5+ Bxf5 24.Qd7 Be7 25.Rxf5+ gxf5 26.Qxf5+ Ke8  0-1

[Event "PanAm Intercollegiate 2013"]
[Site "Lubbock USA"]
[Date "2013.12.30"]
[Round "6.3"]
[White "Bregadze,L"]
[Black "Iotov,V"]
[Result "1/2-1/2"]
[WhiteElo "2396"]
[BlackElo "2547"]

1.Nf3 d5 2.c4 c6 3.e3 Nf6 4.Nc3 a6 5.d4 e6 6.Bd3 dxc4 7.Bxc4 b5 8.Bd3 c5
9.O-O Bb7 10.Qe2 Nbd7 11.Rd1 Qb8 12.a3 Bd6 13.dxc5 Bxf3 14.Qxf3 Nxc5 15.Bc2 Bxh2+
16.Kh1 Be5 17.Qc6+ Ncd7 18.Ne4 O-O 19.Rxd7 Nxd7 20.Qxd7 Rd8 21.Qe7 Ra7 22.Qh4 Rc7
23.Nc3 g6 24.e4 a5 25.Bg5 Rdc8 26.Bd3 b4 27.axb4 Qxb4 28.Rb1 Rd7 29.f4 Bg7
30.Qh3 h6 31.Nd5 Rxd5 32.exd5 hxg5 33.dxe6 f5 34.fxg5 Qf4 35.Bf1 Rc1 36.Rxc1 Qxc1
37.Qd3 Qxg5 38.g3 Be5 39.Kg2 f4  1/2-1/2

[Event "6th Marseille Open 2013"]
[Site "Marseille FRA"]
[Date "2013.12.30"]
[Round "9.1"]
[White "Vovk,Y"]
[Black "Petkov,V"]
[Result "1-0"]
[WhiteElo "2594"]
[BlackElo "2558"]

1.Nf3 d5 2.c4 e6 3.d4 Nf6 4.Nc3 c5 5.cxd5 Nxd5 6.e4 Nxc3 7.bxc3 cxd4 8.cxd4 Bb4+
9.Bd2 Bxd2+ 10.Qxd2 O-O 11.Rc1 Nc6 12.Bb5 Bd7 13.O-O Ne5 14.Nxe5 Bxb5 15.Rfd1 Qd6
16.Qa5 Ba6 17.Qc7 Rad8 18.f3 Qxc7 19.Rxc7 f6 20.Ng4 Rf7 21.Rxf7 Kxf7 22.Ne3 Rc8
23.Kf2 Rc3 24.d5 exd5 25.Rxd5 Rd3 26.Rc5 Rd7 27.h4 b6 28.Rc3 g6 29.g4 Ke6
30.Nd5 Bb7 31.Nf4+ Ke5 32.Ke3 f5 33.exf5 gxf5 34.g5 Re7 35.Rd3 Rc7 36.h5 Rg7
37.h6 Rxg5 38.Rd7 Bc6 39.Re7+ Kd6 40.Rg7  1-0

[Event "Rilton Cup 2013-14"]
[Site "Stockholm SWE"]
[Date "2014.01.01"]
[Round "5.7"]
[White "Yagupov,I"]
[Black "Socko,B"]
[Result "0-1"]
[WhiteElo "2427"]
[BlackElo "2657"]

1.Nf3 d5 2.c4 d4 3.e3 Nc6 4.exd4 Nxd4 5.Nxd4 Qxd4 6.Nc3 Nf6 7.Nb5 Qd8 8.d4 c6
9.Nc3 Bf5 10.Be2 e6 11.O-O Bd6 12.Bg5 h6 13.Be3 O-O 14.a3 Qc7 15.h3 Rfd8
16.Qc1 e5 17.c5 exd4 18.cxd6 Qxd6 19.Rd1 Qe5 20.g4 Bg6 21.Bf4 Qe7 22.Re1 dxc3
23.bxc3 Nd5 24.Bg3 Qc5 25.c4 Nf6 26.Bf4 Ne4 27.Be3 Qa5 28.f4 Nc5 29.Qb2 Re8
30.Bf1 Bd3 31.Qb4 Qxb4 32.axb4 Bxf1 33.Kxf1 Nd3 34.Re2 Re4 35.Bxa7 Rxf4+
36.Kg1 Rxc4 37.b5 cxb5 38.Re7 Nf4 39.Kh2 Rc3 40.Rxb7 Rxh3+ 41.Kg1 Rg3+ 42.Kf2 Rxg4
43.Kf3 h5 44.Rxb5 g6 45.Bd4 Re8 46.Rba5 Ne6 47.Bc3 Ng5+  0-1

[Event "25th Roquetas de Mar Open"]
[Site "Roquetas de Mar ESP"]
[Date "2014.01.02"]
[Round "1.10"]
[White "Ventura Bolet,M"]
[Black "Ducarmon,Q"]
[Result "0-1"]
[WhiteElo "2040"]
[BlackElo "2456"]

1.Nf3 d5 2.c4 d4 3.b4 Bg4 4.Bb2 Bxf3 5.exf3 Nf6 6.d3 e5 7.a3 a5 8.Qa4+ c6
9.Be2 Be7 10.O-O Na6 11.Qxa5 Qxa5 12.bxa5 Nc5 13.f4 exf4 14.Bxd4 Nb3 15.Bxf6 Bxf6
16.Ra2 Nd4 17.Nc3 O-O 18.Rb1 Rfb8 19.Ne4 Be7 20.c5 Rxa5 21.Rb4 Nxe2+ 22.Rxe2 Rxa3
23.h3 Rxd3 24.Nd6 Bxd6 25.cxd6 b5 26.Rbe4 Kf8 27.Re7 Rxd6 28.Rc7 b4 29.Ree7 Rf6
30.Red7 g6 31.Kf1 Rb5 32.Rd3  0-1

[Event "Bay Area International 2014"]
[Site "Santa Clara USA"]
[Date "2014.01.02"]
[Round "1.27"]
[White "Beilin,Allan"]
[Black "De Guzman,R"]
[Result "1/2-1/2"]
[WhiteElo "2054"]
[BlackElo "2409"]

1.Nf3 d5 2.c4 c6 3.cxd5 cxd5 4.d4 Nc6 5.Nc3 Nf6 6.Bf4 a6 7.e3 g6 8.Ne5 Nh5
9.Nxc6 bxc6 10.Be5 f6 11.Bg3 Nxg3 12.hxg3 Qb6 13.Qd2 e5 14.Be2 Rb8 15.b3 Qa5
16.O-O Bb4 17.Rac1 Bf5 18.g4 Be6 19.Qc2 Ba3 20.Rcd1 Kf7 21.Na4 Rhc8 22.f4 exf4
23.exf4 Kg7 24.Nc5 Bxc5 25.dxc5 Re8 26.Rd4 Qc7 27.Bxa6 Bxg4 28.Bd3 Re3 29.f5 Qg3
30.fxg6 hxg6 31.Qf2 Qxf2+ 32.Kxf2 Rbe8 33.Bxg6 Kxg6 34.Rxg4+ Kf7 35.Kg1 R8e4
36.Rgf4 Rxf4 37.Rxf4 Re1+ 38.Rf1 Re2 39.Ra1 Rb2 40.a4 Rxb3 41.a5 Rb8 42.a6 Ke6  1/2-1/2

[Event "26th Staufer-Open A 2014"]
[Site "Schwaebisch Gmuend GER"]
[Date "2014.01.02"]
[Round "1.1"]
[White "Burmakin,V"]
[Black "Namyslo,H"]
[Result "1-0"]
[WhiteElo "2574"]
[BlackElo "2193"]

1.Nf3 d5 2.c4 e6 3.g3 Nf6 4.Bg2 Be7 5.O-O O-O 6.d4 dxc4 7.Qc2 a6 8.a4 Bd7
9.Bg5 Bc6 10.Bxf6 Bxf6 11.Rd1 g6 12.Qxc4 a5 13.Nc3 Qe7 14.e4 Qb4 15.b3 Ra6
16.Ne1 Rb6 17.Qd3 Rd8 18.Nc2 Qf8 19.Rab1 Qg7 20.Qc4 Na6 21.Nb5 Bd7 22.Bf1 Qf8
23.Qc3 Rc6 24.Bc4 Nb4 25.Nxb4 axb4 26.Qf3 Bg7 27.e5 Ra8 28.Rd2 Qe7 29.d5 Rc5
30.dxe6 Bc6 31.Qxf7+ Qxf7 32.exf7+ Kf8 33.Nxc7 Be4 34.Ne6+ Ke7 35.Nxc5  1-0

[Event "Rilton Cup 2013-14"]
[Site "Stockholm SWE"]
[Date "2014.01.02"]
[Round "6.7"]
[White "Hillarp Persson,T"]
[Black "Furhoff,J"]
[Result "1-0"]
[WhiteElo "2551"]
[BlackElo "2318"]

1.Nf3 d5 2.c4 c6 3.g3 Nf6 4.Bg2 Bg4 5.Ne5 Be6 6.cxd5 Bxd5 7.Nf3 c5 8.Nc3 Bc6
9.O-O Nbd7 10.d3 e6 11.Bf4 Be7 12.e4 O-O 13.Qe2 Qb6 14.Rfd1 Rfe8 15.a4 a5
16.h3 Bf8 17.g4 e5 18.Bc1 g6 19.Nd2 Bg7 20.Nc4 Qc7 21.Rf1 Nb6 22.b3 Nxc4
23.bxc4 Nd7 24.Nd5 Qd8 25.Be3 Rc8 26.g5 f5 27.h4 f4 28.Bd2 h6 29.Qg4 Nf8
30.Bf3 Bd7 31.Qg2 hxg5 32.Qxg5 Qxg5+ 33.hxg5 Nh7 34.Rfb1 Nxg5 35.Bd1 Bc6
36.Bg4 Ne6 37.Bxa5 Kf7 38.Ra2 Bf6 39.Bc3 Rb8 40.a5 Rh8 41.f3 Rh6 42.Rh2 Rxh2
43.Kxh2 Nd4 44.a6 Bd8 45.Bxd4 cxd4 46.Bd7 Bxd5 47.exd5 Ke7 48.a7 Ra8 49.Rxb7 Kd6
50.Bc6  1-0

[Event "Bay Area International 2014"]
[Site "Santa Clara USA"]
[Date "2014.01.03"]
[Round "3.3"]
[White "Gao Rui"]
[Black "Mikhalevski,V"]
[Result "0-1"]
[WhiteElo "2454"]
[BlackElo "2536"]

1.Nf3 d5 2.c4 d4 3.g3 Nc6 4.Bg2 e5 5.d3 Bb4+ 6.Nbd2 a5 7.O-O Nf6 8.a3 Be7
9.b3 O-O 10.Qc2 Bf5 11.Rb1 h6 12.h3 Re8 13.Ne4 Qc8 14.Nxf6+ Bxf6 15.Kh2 e4
16.Ng1 Qe6 17.dxe4 Bxe4 18.Bxe4 Qxe4 19.Qxe4 Rxe4 20.Bf4 Rc8 21.Rbd1 h5 22.h4 Bxh4
23.f3 Rxf4 24.gxf4 Be7 25.e3 dxe3 26.Rd3 Bxa3 27.Rxe3 Rd8 28.Rfe1 Kf8 29.Ne2 Bc5
30.Re4 f5 31.Re6 Rd2 32.Kh1 Kf7 33.Ng1 Bf2 34.R1e2 Rd1 35.Rxc6 Rxg1+ 36.Kh2 bxc6
37.Rxf2 Rb1 38.Ra2 Rxb3 39.Rxa5 Rxf3 40.Rxf5+ Ke6 41.Re5+ Kd7 42.Rf5 g6 43.Rf7+ Ke6
44.Rxc7 Kd6 45.Rf7 g5 46.f5 Kc5 47.Rf6 g4 48.Kg2 h4 49.Rg6 Rf4 50.f6 Kxc4
51.f7 Kb5 52.Rg7 c5 53.Kh2 c4 54.Kg2 Kb4  0-1

[Event "26th Staufer-Open A 2014"]
[Site "Schwaebisch Gmuend GER"]
[Date "2014.01.03"]
[Round "3.23"]
[White "Neyman,I"]
[Black "Huber,Timm"]
[Result "1-0"]
[WhiteElo "2306"]
[BlackElo "1844"]

1.Nf3 d5 2.c4 c6 3.e3 Nf6 4.Nc3 Bf5 5.d4 e6 6.Be2 Bd6 7.Nh4 Bg6 8.Bd2 Nbd7
9.Nxg6 hxg6 10.h3 Ne4 11.Nxe4 dxe4 12.Qc2 Qh4 13.Bc3 f5 14.c5 Bc7 15.Qb3 O-O-O
16.Qxe6 Rhe8 17.Qxg6 f4 18.Qg4 Qh6 19.exf4 Bxf4 20.g3 Bc7 21.Bd2 Qf6 22.Be3 Ba5+
23.Kf1 Rf8 24.Kg2 Bd2 25.Rhf1 Bxe3 26.fxe3 Qe7 27.Bc4 Kb8 28.Qe6 Qg5 29.Rxf8 Nxf8
30.Qxe4 Ng6 31.Rf1 Ka8 32.Bf7  1-0

[Event "25th Roquetas de Mar Open"]
[Site "Roquetas de Mar ESP"]
[Date "2014.01.04"]
[Round "5.4"]
[White "Barria Zuniga,D"]
[Black "Del Rey,D"]
[Result "1-0"]
[WhiteElo "2435"]
[BlackElo "2373"]

1.Nf3 d5 2.c4 c6 3.g3 Bg4 4.Bg2 e6 5.O-O Nd7 6.cxd5 exd5 7.d3 Ngf6 8.Nc3 Bxf3
9.Bxf3 d4 10.Ne4 Nxe4 11.Bxe4 Bc5 12.b4 Bb6 13.a4 a5 14.Ba3 axb4 15.Bxb4 Bc5
16.Bd2 O-O 17.Qb3 Ra7 18.Rfb1 Kh8 19.a5 f5 20.Bg2 Qe7 21.Qd1 Ne5 22.a6 bxa6
23.Qa4 g5 24.Rc1 Rb7 25.Bxg5 Qd6 26.Bf4 Qe7 27.Qxa6 Rb6 28.Qa7 Ng6 29.Qxe7 Bxe7
30.Bc7 Rb2 31.Rxc6 Bf6 32.Bd6 Rf7 33.Bd5 Rd7 34.Be6 Rdb7 35.Bxf5 Rxe2 36.Bc5 Kg7
37.Bxg6 hxg6 38.Raa6  1-0

[Event "ch-RSA Closed 2014"]
[Site "Cape Town RSA"]
[Date "2014.01.05"]
[Round "2.2"]
[White "Gluckman,D"]
[Black "Van den Heever,D"]
[Result "1/2-1/2"]
[WhiteElo "2232"]
[BlackElo "2274"]

1.Nf3 d5 2.c4 c6 3.b3 Bg4 4.e3 Nd7 5.Be2 e6 6.Bb2 Ngf6 7.h3 Bh5 8.O-O Bd6
9.d3 h6 10.Nbd2 Bg6 11.Re1 O-O 12.e4 dxe4 13.dxe4 e5 14.Bf1 Nh5 15.c5 Bxc5
16.Nc4 Nf4  1/2-1/2

[Event "2nd Gurgaon Open 2014"]
[Site "Gurgaon IND"]
[Date "2014.01.05"]
[Round "7.5"]
[White "Sanikidze,T"]
[Black "Kathmale,S"]
[Result "1-0"]
[WhiteElo "2541"]
[BlackElo "2351"]

1.Nf3 d5 2.c4 c6 3.g3 Nf6 4.Bg2 Nbd7 5.d4 e6 6.O-O b6 7.Nc3 Bb7 8.Qc2 Be7
9.b3 Rc8 10.e4 dxe4 11.Nxe4 c5 12.Ned2 cxd4 13.Nxd4 Bxg2 14.Kxg2 Qc7 15.Qc3 h5
16.Bb2 Nc5 17.Rad1 Rd8 18.Qf3 O-O 19.Nb1 Nfe4 20.Qxh5 Bf6 21.Nb5 Qb7 22.Bxf6 Nxf6+
23.Qf3 Nfe4 24.N1c3 f5 25.Nxe4 fxe4 26.Qe3 Nd3 27.Nc3 Nc5 28.b4 Rxd1 29.Rxd1 Rf3
30.Rd8+ Kf7 31.Qe2 Nd3 32.Qxe4 Rxf2+ 33.Kh3 Qxe4 34.Nxe4 Re2 35.Ng5+ Kg6
36.Rxd3 Kxg5 37.Ra3 Rc2 38.Rxa7 Rxc4 39.Rxg7+ Kf5 40.a3 e5 41.Rf7+ Ke4 42.g4 Rc3+
43.Kh4 Rxa3 44.g5 Ra2 45.h3 Kd5 46.Kh5 e4 47.h4 Ke6 48.Rf8 Ra7 49.g6 e3 50.Rf3 b5
51.Rxe3+ Kf6 52.Kh6 Ra8 53.Rf3+ Ke6  1-0

[Event "25th Roquetas de Mar Open"]
[Site "Roquetas de Mar ESP"]
[Date "2014.01.05"]
[Round "7.2"]
[White "Barria Zuniga,D"]
[Black "Ducarmon,Q"]
[Result "1/2-1/2"]
[WhiteElo "2435"]
[BlackElo "2456"]

1.Nf3 d5 2.c4 d4 3.d3 Nc6 4.g3 e5 5.Bg2 Bb4+ 6.Bd2 a5 7.Bxb4 axb4 8.O-O Nf6
9.Nbd2 O-O 10.Ne1 Qe7 11.Nc2 Bf5 12.Nb3 Rfd8 13.Qd2 Ra4 14.a3 bxa3 15.Rxa3 Rxa3
16.bxa3 e4 17.f3 e3 18.Qc1 Qd7 19.Nc5 Qc8 20.Qb2 b6 21.Qb5 Na7 22.Qa4 bxc5
23.Qxa7 Qb8 24.Qxc5 Qb2 25.Nb4 Bxd3 26.Nxd3 Qxe2 27.Qxc7 Rf8 28.Nf4 Qd2 29.Qd6 Re8
30.Qb4 Qc2 31.Qb1 Qxc4 32.Qd3 Qxd3 33.Nxd3 e2 34.Rc1 Nd5 35.Rc4 e1=Q+ 36.Nxe1 Rxe1+
37.Kf2 Re8 38.Rxd4 Ne3 39.Bh3 Nc2 40.Ra4 g6 41.Bf1 Rd8 42.g4 Rd2+ 43.Kg3 Ne3
44.Bb5 g5 45.f4 h6 46.fxg5 hxg5 47.h4 Rb2 48.Ra8+ Kg7 49.a4 gxh4+ 50.Kxh4 Rb4
51.Be2 Nxg4 52.Bxg4  1/2-1/2

[Event "19th Bosnjaci Open 2014"]
[Site "Bosnjaci CRO"]
[Date "2014.01.06"]
[Round "5.3"]
[White "Kovacevic,Bl"]
[Black "Dizdarevic,E"]
[Result "0-1"]
[WhiteElo "2449"]
[BlackElo "2502"]

1.Nf3 d5 2.c4 e6 3.g3 dxc4 4.Qa4+ Nd7 5.Bg2 a6 6.Qxc4 b5 7.Qc6 Rb8 8.Ne5 Ne7
9.Qc3 b4 10.Qe3 Nf5 11.Qf4 Nxe5 12.Qxe5 Nd4 13.Kd1 Rb5 14.Qe4 Bb7 15.Qxb7 Rxb7
16.Bxb7 Qb8 17.Be4 Qb5 18.Re1 f5 19.Bd3 Qa5 20.Bc4 Be7 21.d3 Qa4+ 22.b3 Qa5
23.Bb2 Qb6 24.Nd2 Bf6 25.e3 Nb5 26.d4 Kf7 27.Ke2 Rd8 28.Nf3 c5 29.Rad1 Nc3+
30.Bxc3 bxc3 31.Kf1 Qb7 32.Ke2 cxd4 33.Nxd4 Bxd4 34.exd4 c2 35.Rd3 Qe4+ 36.Re3 Qxd4
37.Kf1 Qxe3  0-1